[Event "Amplico ch-EUR Blitz"]
[Site "Warsaw POL"]
[Date "2012.12.14"]
[Round "4.2"]
[White "Bukavshin, Ivan"]
[Black "Popov, Valerij"]
[Result "0-1"]
[WhiteElo "2510"]
[BlackElo "2557"]
[EventDate "2012.12.14"]

1. d4 d5 2. c4 c6 3. Nc3 Nf6 4. e3 a6 5. Nf3 Bf5 6. Qb3 Ra7 7. Bd2 h6 8. Be2 e6
9. O-O Nbd7 10. a4 Bd6 11. a5 O-O 12. Na4 Qe7 13. Rfc1 Ne4 14. Be1 Bg4 15. Qd1
f5 16. Nd2 Bxe2 17. Qxe2 Raa8 18. Nb3 Rf7 19. f3 Nef6 20. Nb6 Raf8 21. Nxd7 Nxd7
22. Bg3 Bxg3 23. hxg3 Qd6 24. Qe1 g5 25. e4 dxe4 26. fxe4 fxe4 27. Qxe4 Qxg3 28.
Qg6+ Kh8 29. Rc3 Qf2+ 30. Kh2 Rf6 31. Qc2 Qf4+ 32. Kg1 e5 33. Rf3 Qh4 34. Rxf6
Rxf6 35. d5 Kg7 36. dxc6 Rxc6 37. Rd1 Nf6 38. Qf5 Qxc4 39. Nc1 Qf4 40. Qxf4 exf4
41. Nb3 Kg6 42. Kf2 g4 43. Rd4 Kf5 44. Ke1 h5 45. Rb4 Rc7 46. Nd4+ Ke5 47. Ne2
Nd5 48. Rb3 h4 49. Kf2 Rc2 50. Ke1 f3 51. gxf3 g3 52. Rxb7 g2 53. Rg7 h3 54. Kf2
Nf4 0-1

[Event "Amplico ch-EUR Blitz"]
[Site "Warsaw POL"]
[Date "2012.12.14"]
[Round "4.2"]
[White "Jaracz, Pawel"]
[Black "Petrosian, Tigran L."]
[Result "0-1"]
[WhiteElo "2548"]
[BlackElo "2648"]
[EventDate "2012.12.14"]

1. e4 d6 2. d4 g6 3. Nc3 a6 4. Nf3 b5 5. Bd3 Bb7 6. Bg5 Nd7 7. Ne2 h6 8. Be3 c5
9. c3 Ngf6 10. Ng3 Bg7 11. h3 O-O 12. Qd2 Kh7 13. O-O e5 14. d5 c4 15. Bc2 Qc7
16. Nh2 Nc5 17. f3 h5 18. Bg5 Nfd7 19. f4 f6 20. Bh4 Bh6 21. Ne2 Rae8 22. Rae1
Nd3 23. Bxd3 cxd3 24. Qxd3 Qc4 25. Qc2 Nc5 26. fxe5 fxe5 27. Rxf8 Rxf8 28. Be7
Rf7 29. Bxd6 Nxe4 30. b3 Be3+ 31. Kh1 Qxe2 32. Nf3 Qxe1+ 0-1

[Event "Amplico ch-EUR Blitz"]
[Site "Warsaw POL"]
[Date "2012.12.14"]
[Round "5.1"]
[White "Sargissian, Gabriel"]
[Black "Banusz, Tamas"]
[Result "1-0"]
[WhiteElo "2666"]
[BlackElo "2580"]
[EventDate "2012.12.14"]

1. d4 d5 2. c4 c6 3. Nc3 Nf6 4. e3 g6 5. Nf3 Bg7 6. Be2 O-O 7. O-O Be6 8. cxd5
cxd5 9. Bd2 Nc6 10. Rc1 Rc8 11. Na4 Ne4 12. Nc5 Nxc5 13. Rxc5 b6 14. Rc1 Nb8 15.
Qa4 Qd7 16. Qxd7 Bxd7 17. Bb4 Bf6 18. Ne5 Rxc1 19. Rxc1 Rc8 20. Rxc8+ Bxc8 21.
f4 a6 22. Kf2 e6 23. Bd6 Nd7 24. Nxd7 Bxd7 25. Bxa6 b5 26. Ke2 Bd8 27. Kd3 Ba5
28. a3 f6 29. b4 Bb6 30. Kc3 Kf7 31. a4 bxa4 32. b5 Ba5+ 33. Bb4 Bb6 34. Kb2 e5
35. fxe5 fxe5 36. Bc3 Ke6 37. Ka3 Kf5 38. Kxa4 Ke4 39. Ba5 Ba7 40. dxe5 Bxe3 41.
Bc7 d4 42. Bb7+ Kd3 43. Bc6 Bc8 44. b6 Kc2 45. b7 Bxb7 46. Bxb7 d3 47. Be4 Kc3
48. e6 Bg5 49. Bd6 d2 50. Bf3 Kc2 51. e7 Bxe7 52. Bxe7 d1=Q 53. Bxd1+ Kxd1 54.
g4 Ke2 55. g5 Kf3 56. Kb5 Kg2 57. Kc5 Kxh2 58. Kd5 Kg3 59. Bf8 Kg4 60. Bh6 1-0

[Event "Amplico ch-EUR Blitz"]
[Site "Warsaw POL"]
[Date "2012.12.14"]
[Round "5.1"]
[White "Swiercz, Dariusz"]
[Black "Erdos, Viktor"]
[Result "1-0"]
[WhiteElo "2627"]
[BlackElo "2640"]
[EventDate "2012.12.14"]

1. e4 e5 2. Nf3 Nc6 3. Bb5 a6 4. Ba4 Nf6 5. O-O Be7 6. d3 b5 7. Bb3 d6 8. a4 Bd7
9. c3 O-O 10. Nbd2 Na5 11. Bc2 c5 12. Re1 Re8 13. Nf1 h6 14. h3 Bf8 15. Ne3 Nc6
16. Nh2 Be6 17. Bb3 Qd7 18. Bxe6 fxe6 19. Nhg4 Nxg4 20. Qxg4 b4 21. Nc4 Qf7 22.
Bxh6 d5 23. Ne3 Rad8 24. Rad1 Na5 25. Bg5 Rd7 26. Qg3 Nc6 27. Ng4 Qh5 28. Bd2
Kh7 29. cxb4 cxb4 30. Be3 Bd6 31. Rc1 Na5 32. Qf3 Qf7 33. Qg3 Qh5 34. Rc2 Rf7
35. Bc5 Bxc5 36. Rxc5 Nb3 37. Rc6 Nd4 38. Rc5 b3 39. Nxe5 Rf6 40. Ng4 Rg6 41.
exd5 Nf5 42. Qf4 e5 43. Rxe5 Rxe5 44. Qxe5 Qg5 45. d6 Rxd6 46. Qxd6 1-0

[Event "Amplico ch-EUR Blitz"]
[Site "Warsaw POL"]
[Date "2012.12.14"]
[Round "5.1"]
[White "Stupak, Kirill"]
[Black "Bartel, Mateusz"]
[Result "1-0"]
[WhiteElo "2526"]
[BlackElo "2629"]
[EventDate "2012.12.14"]

1. d4 d5 2. Nf3 c6 3. g3 g6 4. Bg2 Nf6 5. O-O Bg7 6. c4 dxc4 7. a4 Ne4 8. Na3
Nd6 9. Bf4 O-O 10. Rc1 Qb6 11. Bxd6 exd6 12. Nxc4 Qb4 13. d5 cxd5 14. Qxd5 Be6
15. Qb5 Qxb5 16. axb5 d5 17. Nd6 Bxb2 18. Rc2 Ba3 19. Nxb7 Nd7 20. Nd4 Rab8 21.
Rc7 Rfc8 22. Rxc8+ Rxc8 23. Nxe6 fxe6 24. Ra1 Rc3 25. Bh3 Nf8 26. Nd8 Bc5 27.
Nxe6 Bb6 28. Rd1 Nxe6 29. Bxe6+ Kg7 30. Bxd5 Rc5 31. Bc6 h5 32. Rd7+ Kf6 33.
Rd6+ Kg7 34. e3 g5 35. Kg2 Rc2 36. Re6 Rb2 37. Be8 h4 38. gxh4 gxh4 39. h3 Rc2
40. Kf3 Rb2 41. Bc6 Rc2 42. Re4 Bd8 43. Re8 Bb6 44. Re4 Bd8 45. Rd4 Be7 46. Rd7
Kf6 47. Rxa7 Rb2 48. Ra4 Kg5 49. Rg4+ Kf5 50. Be4+ Ke5 51. Bc6 Kf5 52. Rc4 Ke5
53. Re4+ Kd6 54. Rf4 Ke5 55. Kg4 Rb1 56. Rf5+ Kd6 57. Rd5+ Ke6 58. Rd3 Rg1+ 59.
Kf3 Rb1 60. Ke4 Rb2 61. f4 Bc5 62. Rd5 Bb6 63. Re5+ Kd6 64. Rd5+ Ke6 65. Bd7+
Ke7 66. Bc6 Rb4+ 67. Kf3 Rb3 68. Re5+ Kd6 69. Re4 Rc3 70. f5 Bd8 71. Re6+ Kc7
72. Kg4 Rc1 73. e4 Rg1+ 74. Kh5 Rg5+ 75. Kh6 Rg3 76. f6 Rxh3 77. e5 Rh2 78. Re8
Rf2 79. Kg5 h3 80. Rh8 h2 81. Kg4 Re2 82. Kg3 Rxe5 83. f7 Be7 84. Rxh2 Bd6 85.
Kg4 Re3 1-0

[Event "Amplico ch-EUR Blitz"]
[Site "Warsaw POL"]
[Date "2012.12.14"]
[Round "5.1"]
[White "Edouard, Romain"]
[Black "Mista, Aleksander"]
[Result "1-0"]
[WhiteElo "2686"]
[BlackElo "2562"]
[EventDate "2012.12.14"]

1. c4 c5 2. Nf3 Nc6 3. Nc3 e5 4. g3 g6 5. Bg2 Bg7 6. a3 d6 7. O-O Nge7 8. Rb1 a5
9. d3 O-O 10. Bg5 f6 11. Bd2 Be6 12. Ne1 d5 13. cxd5 Nxd5 14. Nc2 Nde7 15. b4
axb4 16. axb4 cxb4 17. Nxb4 Rb8 18. Ne4 Bf7 19. Nc5 Nxb4 20. Bxb4 b5 21. Na6 Rc8
22. Bb7 Re8 23. Bxc8 Qxc8 24. Nc5 Nd5 25. Ne4 Qh3 26. Nd6 Nxb4 27. Nxe8 Bxe8 28.
Rxb4 Bc6 29. e4 Bf8 30. Qc2 Bd7 31. Rb2 b4 32. Rxb4 Qh5 33. Rb7 Bh3 34. Qc4+ Kh8
35. Qf7 1-0

[Event "Amplico ch-EUR Blitz"]
[Site "Warsaw POL"]
[Date "2012.12.14"]
[Round "5.2"]
[White "Fridman, Daniel"]
[Black "Popov, Valerij"]
[Result "1/2-1/2"]
[WhiteElo "2667"]
[BlackElo "2557"]
[EventDate "2012.12.14"]

1. c4 e5 2. g3 Nc6 3. Bg2 f5 4. Nc3 Nf6 5. e3 g6 6. d4 e4 7. f3 exf3 8. Nxf3 d6
9. O-O Bg7 10. d5 Ne7 11. e4 fxe4 12. Ng5 O-O 13. Ncxe4 Nxe4 14. Nxe4 Bf5 15.
Bg5 h6 16. Be3 Qd7 17. Qd2 Kh7 18. Bd4 Ng8 19. Rf4 g5 20. Rf2 Bg6 21. Raf1 Qe7
22. Re1 Bxd4 23. Qxd4 Rxf2 24. Qxf2 Re8 25. Re2 b6 26. h4 gxh4 27. gxh4 Qg7 28.
Qg3 Re5 29. Kh2 Qe7 30. Qf4 a6 31. Bf3 b5 32. b3 Rf5 33. Qg3 Re5 34. Nc3 Rxe2+
35. Nxe2 bxc4 36. bxc4 Bd3 37. Nf4 Bf5 38. Bh5 Qf6 39. Bg4 Bb1 40. Be6 Ne7 41.
Nh5 Qe5 42. Qxe5 dxe5 43. a3 Kg6 44. Ng3 Ba2 45. h5+ Kg7 46. c5 Bxd5 47. Bxd5
Nxd5 48. Nf5+ Kh7 49. Kg3 Nf6 50. Kh4 e4 51. Ne3 Kg8 52. Nf5 Kh7 53. Ne3 Nd7 54.
c6 Ne5 55. Nd5 Nxc6 56. Nxc7 a5 57. Nd5 Nd4 58. Kg4 Nc2 59. a4 e3 60. Kf3 Kg7
61. Nxe3 Nxe3 62. Kxe3 Kf6 63. Kf4 1/2-1/2

[Event "Amplico ch-EUR Blitz"]
[Site "Warsaw POL"]
[Date "2012.12.14"]
[Round "5.2"]
[White "Erdos, Viktor"]
[Black "Swiercz, Dariusz"]
[Result "1-0"]
[WhiteElo "2640"]
[BlackElo "2627"]
[EventDate "2012.12.14"]

1. c4 f5 2. g3 Nf6 3. Bg2 g6 4. d4 Bg7 5. Nf3 d6 6. O-O O-O 7. Nc3 c6 8. Rb1 Ne4
9. Qc2 Na6 10. b4 Nc7 11. Bb2 Bd7 12. Nxe4 fxe4 13. Qxe4 Bf5 14. Qh4 Bxb1 15.
Rxb1 e5 16. Qg4 Qc8 17. Qxc8 Raxc8 18. dxe5 dxe5 19. Nxe5 Rcd8 20. Bc3 Ne6 21.
e3 Bxe5 22. Bxe5 Rd2 23. f4 Rfd8 24. Bf3 Rxa2 25. b5 cxb5 26. Bd5 Kf7 27. e4 Ke7
28. cxb5 Rc2 29. b6 axb6 30. Rxb6 Rxd5 31. exd5 Nc5 32. Bd6+ Kd7 33. Bxc5 Rxc5
34. Rxb7+ Kd6 35. Rxh7 Kxd5 36. Re7 Rc2 37. Re5+ Kd4 38. Re6 Ra2 39. h4 Kd5 40.
Re1 Kd4 41. Re5 Rb2 42. Kf1 Ra2 43. Re2 Ra1+ 44. Kf2 Kd3 45. Re3+ Kd4 46. Re6 1-0

[Event "Amplico ch-EUR Blitz"]
[Site "Warsaw POL"]
[Date "2012.12.14"]
[Round "5.2"]
[White "Bartel, Mateusz"]
[Black "Stupak, Kirill"]
[Result "0-1"]
[WhiteElo "2629"]
[BlackElo "2526"]
[EventDate "2012.12.14"]

1. e4 e6 2. d4 d5 3. Nc3 Bb4 4. e5 b6 5. Bd2 Qd7 6. Nce2 Bxd2+ 7. Qxd2 Ba6 8. h4
h6 9. Rh3 Ne7 10. Ng3 Bxf1 11. Kxf1 Qb5+ 12. N1e2 Qxb2 13. Rd1 h5 14. Qg5 g6 15.
Qf6 Rg8 16. c4 Nd7 17. Qf3 Qxa2 18. cxd5 Nxd5 19. Ne4 O-O-O 20. Rc1 Kb8 21. Qxf7
Rgf8 22. Qxg6 Qxe2+ 23. Kxe2 Nf4+ 24. Ke3 Nxg6 25. Ng5 Nf4 26. Rh2 c5 27. g3
Nd5+ 28. Kd2 Nc7 29. f4 cxd4 30. Rc6 Nc5 31. Re2 Kb7 32. Rd6 Rxd6 33. exd6 Nb5
34. Nxe6 Nxe6 35. Rxe6 Rg8 36. f5 Kc6 37. Rg6 Rf8 38. Rg5 Nxd6 39. Rxh5 Rxf5 40.
Rh6 Kd5 0-1

[Event "Amplico ch-EUR Blitz"]
[Site "Warsaw POL"]
[Date "2012.12.14"]
[Round "6.1"]
[White "Stupak, Kirill"]
[Black "Edouard, Romain"]
[Result "1-0"]
[WhiteElo "2526"]
[BlackElo "2686"]
[EventDate "2012.12.14"]

1. d4 Nf6 2. g3 e6 3. Bg2 c5 4. Nf3 cxd4 5. O-O d5 6. Nxd4 e5 7. Nb3 Nc6 8. Bg5
Be6 9. Nc3 d4 10. Na4 Bd5 11. Bxd5 Qxd5 12. Bxf6 gxf6 13. Nc3 Qd8 14. Ne4 f5 15.
Ned2 h5 16. e3 dxe3 17. fxe3 h4 18. Rxf5 hxg3 19. hxg3 Qd7 20. Qf3 Rg8 21. Ne4
O-O-O 22. Rxf7 Qd5 23. Rf1 Be7 24. c4 Qxc4 25. Rxe7 Nxe7 26. Rc1 Qxc1+ 27. Nxc1
Rdf8 28. Qg2 Nf5 29. Nb3 Nxe3 1-0

[Event "Amplico ch-EUR Blitz"]
[Site "Warsaw POL"]
[Date "2012.12.14"]
[Round "6.1"]
[White "Socko, Bartosz"]
[Black "Romanov, Evgeny"]
[Result "0-1"]
[WhiteElo "2631"]
[BlackElo "2616"]
[EventDate "2012.12.14"]

1. d4 d5 2. c4 dxc4 3. Nf3 Nf6 4. e3 b5 5. a4 b4 6. Bxc4 e6 7. O-O Be7 8. Nbd2
O-O 9. Nb3 a5 10. Ne5 Bb7 11. f3 Nbd7 12. Nxd7 Nxd7 13. e4 c5 14. Be3 cxd4 15.
Bxd4 Bg5 16. Qe2 Bf4 17. g3 Bc7 18. Rfd1 Qe7 19. Qf2 Rfd8 20. Rac1 Rac8 21. Bb5
Ne5 22. Bxe5 Bxe5 23. Rxc8 Bxc8 24. f4 Rxd1+ 25. Kg2 Bc7 26. Qa7 Rd8 27. Nxa5
Qd6 28. Nc6 Rf8 29. e5 Qd2+ 30. Kh3 Bd8 31. Qc5 Bb7 32. a5 Qd5 33. Qxd5 exd5 34.
a6 Bxc6 35. Bxc6 Bb6 36. Bxd5 Rd8 37. Bb7 Kf8 38. f5 Rd2 0-1

[Event "Amplico ch-EUR Blitz"]
[Site "Warsaw POL"]
[Date "2012.12.14"]
[Round "6.1"]
[White "Kanarek, Marcel"]
[Black "Sargissian, Gabriel"]
[Result "0-1"]
[WhiteElo "2482"]
[BlackElo "2666"]
[EventDate "2012.12.14"]

1. d4 Nf6 2. c4 e6 3. Nc3 Bb4 4. e3 O-O 5. Bd3 d5 6. Nf3 b6 7. O-O Bb7 8. cxd5
exd5 9. a3 Bd6 10. b4 c6 11. Qc2 Nbd7 12. Bb2 Rc8 13. Qb3 Re8 14. Rfe1 Ne4 15.
Rad1 Ndf6 16. Bf1 Ng4 17. Re2 Qe7 18. Bc1 Ng5 19. h3 Nxf3+ 20. gxf3 Nh6 21. e4
Qh4 22. Bg2 Re6 23. e5 Rg6 24. Kh1 Be7 25. Qb1 Rf8 26. f4 Bc8 27. Rd3 Bf5 28.
Qc2 Ng4 29. Kg1 Nh6 30. Qd1 Bxh3 31. Rxh3 Qxh3 32. f3 Nf5 0-1

[Event "Amplico ch-EUR Blitz"]
[Site "Warsaw POL"]
[Date "2012.12.14"]
[Round "6.1"]
[White "Girya, Olga"]
[Black "Nyzhnyk, Illya"]
[Result "1/2-1/2"]
[WhiteElo "2467"]
[BlackElo "2637"]
[EventDate "2012.12.14"]

1. d4 Nf6 2. Nf3 g6 3. Bg5 Bg7 4. Nbd2 d6 5. c3 c5 6. dxc5 dxc5 7. e4 Nc6 8. Bc4
O-O 9. O-O Qc7 10. Qe2 Na5 11. Bd3 Be6 12. Rac1 h6 13. Bh4 Nh5 14. b4 Nc6 15. b5
Nf4 16. Qe3 Nxd3 17. Qxd3 Ne5 18. Nxe5 Rad8 19. Qe3 Qxe5 20. Bxe7 Rxd2 21. Bxf8
Rxa2 22. Bxg7 Kxg7 23. f4 Qh5 24. f5 Bc4 25. f6+ Kh7 26. Rf2 Rxf2 27. Qxf2 Qe5
28. Rd1 Be6 29. h3 Qxc3 30. Qf4 g5 31. Qf2 Qe5 32. Rc1 b6 33. Re1 c4 34. Kh1 Kg6
35. Rf1 Qxe4 36. Qg3 Qd3 37. Qf2 c3 38. Re1 c2 39. Rc1 Qd1+ 40. Qg1 Qd2 41. Qe1
Qxe1+ 42. Rxe1 Kxf6 43. Kg1 Bc4 44. Rc1 Bd3 45. Kf2 Ke5 46. Ke3 Bg6 47. Kd2 Kd4
48. Ra1 Kc4 49. Rxa7 Kxb5 50. Rc7 Kb4 51. Kc1 b5 52. Kb2 h5 53. g3 f5 54. Rxc2
f4 55. Rc3 Be4 56. gxf4 gxf4 57. h4 f3 58. Re3 Bd5 59. Re5 Kc4 60. Rxh5 Be4 61.
Rh6 Kd3 62. Rf6 Ke3 63. h5 f2 64. h6 Bf3 65. h7 f1=Q 66. Rxf3+ Kxf3 67. h8=Q
Qe2+ 68. Kb3 Qc4+ 69. Kb2 Ke3 70. Qe5+ Kd3 71. Qd6+ Ke4 72. Qe7+ Kd5 73. Qd7+
Kc5 74. Qc7+ Kb4 75. Qd6+ Ka5 76. Qd8+ Ka6 77. Qd6+ Kb7 78. Qd7+ Kb6 79. Qd6+
Ka5 80. Qd8+ Ka6 81. Qd6+ Kb7 82. Qd7+ Kb6 83. Qd6+ Ka5 84. Qd8+ Kb4 85. Qd6+
Qc5 1/2-1/2

[Event "Amplico ch-EUR Blitz"]
[Site "Warsaw POL"]
[Date "2012.12.14"]
[Round "6.2"]
[White "Petrosian, Tigran L."]
[Black "Fridman, Daniel"]
[Result "1/2-1/2"]
[WhiteElo "2648"]
[BlackElo "2667"]
[EventDate "2012.12.14"]

1. e4 e5 2. Nf3 Nf6 3. d4 Nxe4 4. Bd3 d5 5. Nxe5 Nd7 6. Nxd7 Bxd7 7. O-O Bd6 8.
Nc3 Nxc3 9. bxc3 O-O 10. Qh5 f5 11. Rb1 b6 12. Qf3 c6 13. c4 dxc4 14. Bxc4+ Kh8
15. Bf4 Qc7 16. Bxd6 Qxd6 17. c3 Rae8 18. Rfe1 g6 19. h4 Be6 20. Bb3 Bd5 21.
Bxd5 Qxd5 22. Qxd5 cxd5 23. Kf1 Kg7 24. Rb5 Rxe1+ 25. Kxe1 Rd8 26. a4 Kf6 27. a5
Rd6 28. axb6 axb6 29. Kd2 Ke6 30. Rb1 Kd7 31. Ra1 Kc6 32. Ra8 Rd7 33. Rh8 Re7
34. g3 Kb5 35. Kd3 Rf7 36. Re8 Rc7 37. Re6 Rd7 38. h5 f4 39. hxg6 fxg3 40. fxg3
Rg7 41. gxh7 Rxh7 42. Rg6 Rh3 43. Ke3 Kc4 44. Rc6+ Kb5 45. Rg6 Kc4 46. Kf4 Kxc3
47. Ke5 Rh5+ 48. Kf4 b5 49. g4 Rh8 50. Ke5 b4 51. Rc6+ Kd3 52. Rb6 Kc4 53. Rc6+
Kd3 54. g5 b3 55. Rb6 Kc4 56. g6 Re8+ 57. Kf6 Kxd4 58. Rxb3 Kc4 59. Rb7 d4 60.
Kf7 Ra8 61. Rc7+ Kb3 62. Rd7 Kc3 63. Rc7+ Kb3 64. g7 d3 65. Rd7 Kc2 66. g8=Q
Rxg8 1/2-1/2

[Event "Amplico ch-EUR Blitz"]
[Site "Warsaw POL"]
[Date "2012.12.14"]
[Round "6.2"]
[White "Edouard, Romain"]
[Black "Stupak, Kirill"]
[Result "1/2-1/2"]
[WhiteElo "2686"]
[BlackElo "2526"]
[EventDate "2012.12.14"]

1. d4 e6 2. c4 Nf6 3. Nc3 c5 4. d5 exd5 5. cxd5 Bd6 6. g3 O-O 7. Bg2 a6 8. a4
Re8 9. Nh3 Bf8 10. O-O d6 11. e4 Bxh3 12. Bxh3 Nxe4 13. Qb3 b6 14. Bf4 Nd7 15.
Bxd7 Qxd7 16. Qxb6 Nxc3 17. bxc3 Re4 18. Qc6 Qxc6 19. dxc6 Rc8 20. Rab1 Rxc6 21.
Rb8 f6 22. Rfb1 g5 23. Be3 Kf7 24. R1b7+ Re7 25. Rb6 Rxb6 26. Rxb6 Ra7 27. c4
Be7 28. g4 Ke6 29. Kg2 Bd8 30. Rb8 Ba5 31. Kf3 Bc3 32. Ke4 Be5 33. h3 Bc3 34.
Kd3 Be5 35. Ke4 Bc3 36. f3 Be5 37. Bd2 Bd4 38. Ba5 Be5 39. Bb6 Rd7 40. Re8+ Re7
41. Ra8 Rf7 42. Re8+ Re7 43. Ra8 Rf7 44. Rxa6 f5+ 45. Ke3 Bd4+ 46. Ke2 fxg4 47.
hxg4 h5 48. gxh5 Rh7 49. a5 Rxh5 50. Bc7 Rh2+ 51. Kd3 Be5 52. Ra8 Rf2 53. Rf8
Ra2 54. Bb6 Bf4 55. Ra8 Ra3+ 56. Ke2 Kd7 57. a6 Kc6 58. Bd8 Re3+ 59. Kf2 Ra3 60.
Bf6 Kb6 61. Rg8 Ra2+ 62. Kf1 Ra1+ 63. Kg2 Rxa6 64. Bxg5 Bxg5 65. Rxg5 Ra4 66.
Rg4 Kc6 67. Kg3 Kd7 68. Re4 Ra8 69. f4 Rg8+ 70. Kf3 Rf8 71. Re1 Kc6 72. Re7 Rf6
73. Ke4 Rh6 74. f5 Rh4+ 75. Ke3 Rh3+ 76. Kf4 Rh4+ 77. Kg5 Rxc4 78. f6 Rc1 79. f7
Rf1 80. Kg6 c4 81. Re6 Rg1+ 82. Kh7 Rf1 83. Kg7 Rxf7+ 84. Kxf7 Kc5 85. Kf6 c3
86. Re1 Kd4 87. Ke6 c2 88. Kxd6 Kd3 89. Kd5 Kd2 90. Rh1 c1=Q 91. Rxc1 Kxc1 1/2-1/2

[Event "Amplico ch-EUR Blitz"]
[Site "Warsaw POL"]
[Date "2012.12.14"]
[Round "6.2"]
[White "Romanov, Evgeny"]
[Black "Socko, Bartosz"]
[Result "0-1"]
[WhiteElo "2616"]
[BlackElo "2631"]
[EventDate "2012.12.14"]

1. c4 Nf6 2. Nc3 e6 3. d4 Bb4 4. e3 O-O 5. Ne2 d5 6. cxd5 exd5 7. g3 c6 8. Bg2
a5 9. O-O Re8 10. Nf4 Na6 11. Nce2 Bf5 12. f3 h6 13. g4 Bh7 14. Ng3 Bd6 15. Bd2
c5 16. Nge2 Qb6 17. Kh1 Nb4 18. dxc5 Bxc5 19. Nd4 Bxd4 20. exd4 Qxd4 21. Bxb4
Qxb4 22. Nxd5 Nxd5 23. Qxd5 Qxb2 24. f4 Rad8 25. Qxb7 Qxb7 26. Bxb7 Be4+ 27.
Bxe4 Rxe4 28. Rf2 Rdd4 29. Raf1 f6 30. h3 Re3 31. Kg2 Ra4 32. Rb2 Raa3 33. Rff2
Rxh3 34. Kf1 Rh1+ 35. Kg2 Rh4 36. Rf3 Rxg4+ 37. Kf2 Ra4 38. f5 Rgb4 39. Rd2 Rd4
40. Rc2 Kh7 41. Kg3 Rg4+ 42. Kf2 h5 43. Rh3 Rgf4+ 44. Rf3 Kh6 45. Kg3 Kg5 46.
Rxf4 Rxf4 47. Rc7 Rg4+ 48. Kh3 Kh6 49. Rc5 Ra4 50. Rc2 Kg5 51. Rg2+ Kxf5 52.
Rxg7 Rxa2 53. Rh7 Kg6 54. Ra7 Ra4 55. Kg3 Kg5 56. Rg7+ Kf5 57. Rh7 h4+ 58. Kh3
Rc4 59. Rh5+ Kg6 60. Rxa5 f5 61. Ra8 Kg5 62. Rg8+ Kf4 63. Kxh4 Kf3+ 64. Kh3 f4
65. Rg2 Rc8 66. Kh2 Rc6 67. Kh3 Rc4 68. Rg3+ 0-1

[Event "Amplico ch-EUR Blitz"]
[Site "Warsaw POL"]
[Date "2012.12.14"]
[Round "6.2"]
[White "Sargissian, Gabriel"]
[Black "Kanarek, Marcel"]
[Result "1-0"]
[WhiteElo "2666"]
[BlackElo "2482"]
[EventDate "2012.12.14"]

1. d4 Nf6 2. Nf3 g6 3. c4 Bg7 4. g3 O-O 5. Bg2 d6 6. Nc3 Nc6 7. O-O Bg4 8. h3
Bxf3 9. Bxf3 Nd7 10. e3 e5 11. d5 Ne7 12. Bg2 f5 13. e4 a5 14. h4 Nc5 15. Be3
Nxe4 16. Bxe4 fxe4 17. Bg5 e3 18. fxe3 e4 19. Qg4 Qc8 20. Qxc8 Nxc8 21. Rxf8+
Kxf8 22. Nb5 Bxb2 23. Rb1 Be5 24. Nxc7 Rb8 25. Ne6+ Kg8 26. Bd8 Na7 27. Bc7 Ra8
28. Rxb7 Bxg3 29. c5 dxc5 30. Bxg3 1-0

[Event "Amplico ch-EUR Blitz"]
[Site "Warsaw POL"]
[Date "2012.12.14"]
[Round "6.2"]
[White "Nyzhnyk, Illya"]
[Black "Girya, Olga"]
[Result "1-0"]
[WhiteElo "2637"]
[BlackElo "2467"]
[EventDate "2012.12.14"]

1. d4 d5 2. c4 e6 3. Nf3 Nf6 4. Nc3 c5 5. cxd5 Nxd5 6. e4 Nxc3 7. bxc3 cxd4 8.
cxd4 Bb4+ 9. Bd2 Bxd2+ 10. Qxd2 O-O 11. Bd3 Nc6 12. e5 Qa5 13. Be4 Qxd2+ 14.
Kxd2 Ne7 15. Rhc1 Rd8 16. Rc7 Rd7 17. Rac1 Rb8 18. Rxd7 Bxd7 19. Rc7 Bc6 20.
Rxe7 Bxe4 21. Ng5 Bg6 22. f3 Kf8 23. Rc7 Ke8 24. Ke3 Kd8 25. Rc3 b5 26. Ne4 Bxe4
27. Kxe4 b4 28. Rc5 b3 29. axb3 Rxb3 30. Ra5 Rb7 31. g4 g5 32. f4 gxf4 33. Kxf4
Kc7 34. Kg5 Kb6 35. Ra1 Rd7 36. Kf6 a5 37. g5 Kb5 38. h4 a4 39. h5 Kb4 40. h6 a3
41. Kg7 f5+ 42. Kf6 f4 43. Kxe6 Rxd4 44. Kf5 Kb3 45. e6 Kb2 1-0

[Event "Amplico ch-EUR Blitz"]
[Site "Warsaw POL"]
[Date "2012.12.14"]
[Round "7.1"]
[White "Nyzhnyk, Illya"]
[Black "Moranda, Wojciech"]
[Result "0-1"]
[WhiteElo "2637"]
[BlackElo "2559"]
[EventDate "2012.12.14"]

1. d4 Nf6 2. c4 g6 3. Nf3 Bg7 4. g3 O-O 5. Bg2 c5 6. O-O cxd4 7. Nxd4 d5 8. Nc2
dxc4 9. Qxd8 Rxd8 10. Nba3 Nc6 11. Nxc4 Be6 12. N4e3 Rac8 13. b3 Nd5 14. Bxd5
Bxd5 15. Rb1 Be4 16. f3 Bxc2 17. Nxc2 Nd4 18. Nxd4 Bxd4+ 19. e3 Bb6 20. Kg2 Rc2+
21. Rf2 Rdc8 22. Bd2 Rxa2 23. Rd1 Rcc2 24. f4 f5 25. Kf3 Rab2 26. Be1 Rxf2+ 27.
Bxf2 Rxb3 28. Rd7 Bc5 29. g4 a5 30. gxf5 gxf5 31. Rd5 b6 32. Rxf5 a4 33. Rd5 a3
34. Rd8+ Kf7 35. Ra8 b5 36. Ke4 b4 37. Ra5 Bd6 38. Kf5 Rb2 39. Bg3 b3 40. e4 a2
41. e5 e6+ 42. Kg4 Bb4 43. Ra7+ Ke8 44. Kg5 Be7+ 45. Kh6 Rg2 46. f5 exf5 47. e6
Rxg3 48. hxg3 b2 0-1

[Event "Amplico ch-EUR Blitz"]
[Site "Warsaw POL"]
[Date "2012.12.14"]
[Round "7.1"]
[White "Romanov, Evgeny"]
[Black "Tkachiev, Vladislav"]
[Result "0-1"]
[WhiteElo "2616"]
[BlackElo "2650"]
[EventDate "2012.12.14"]

1. d4 Nf6 2. c4 g6 3. Nc3 Bg7 4. e4 d6 5. Bd3 O-O 6. Nge2 Nc6 7. O-O Nd7 8. Be3
e5 9. d5 Nd4 10. Bc2 Nxc2 11. Qxc2 f5 12. exf5 gxf5 13. f4 Nf6 14. h3 Nh5 15. c5
Bd7 16. Qb3 Kh8 17. Qxb7 exf4 18. Bxf4 Rb8 19. Qxa7 Nxf4 20. Rxf4 Rxb2 21. c6
Bxc6 22. dxc6 Rxe2 23. Nxe2 Bxa1 24. Qf2 Qg5 25. Nd4 Bxd4 26. Qxd4+ Qg7 27.
Qxg7+ Kxg7 28. Ra4 Kf6 29. Ra7 Rc8 30. Kf2 Ke5 31. Ra5+ d5 32. Ke3 Rg8 33. Ra7
Kd6 34. Kf4 Rxg2 35. Kxf5 Kxc6 36. a4 Re2 37. Ra6+ Kd7 38. Rh6 d4 39. Rxh7+ Kd6
40. a5 d3 41. a6 d2 42. Rh8 Kd7 43. Rh7+ Kc6 44. a7 Re8 45. Re7 0-1

[Event "Amplico ch-EUR Blitz"]
[Site "Warsaw POL"]
[Date "2012.12.14"]
[Round "7.1"]
[White "Kempinski, Robert"]
[Black "Edouard, Romain"]
[Result "1-0"]
[WhiteElo "2599"]
[BlackElo "2686"]
[EventDate "2012.12.14"]

1. d4 e6 2. c4 Bb4+ 3. Nd2 c5 4. dxc5 Nf6 5. e3 O-O 6. a3 Bxc5 7. b4 Be7 8. Bb2
a5 9. b5 b6 10. Ngf3 Bb7 11. Be2 d6 12. O-O e5 13. a4 Nbd7 14. Nb3 Qc7 15. Nfd2
Rad8 16. Bf3 d5 17. cxd5 Bxd5 18. Bxd5 Nxd5 19. Rc1 Qb7 20. Qf3 f5 21. Nc4 e4
22. Qg3 Rf7 23. Nd6 Bxd6 24. Qxd6 Nb4 25. Nd4 Re8 26. Nxf5 Nc5 27. Nd4 Nbd3 28.
Rc2 Qc8 29. Ba3 Qg4 30. Qg3 Qxg3 31. hxg3 Nxa4 32. Rc6 Rb7 33. Nf5 Re5 34. Rc8+
Kf7 35. Nd6+ Kg6 36. Nxb7 Rxb5 37. Nd6 Rd5 38. Nxe4 b5 39. Rc6+ Kf5 40. Nd6+ Kg4
41. Bc1 b4 42. Nc4 Nc3 43. Bd2 Ne4 44. f3+ 1-0

[Event "Amplico ch-EUR Blitz"]
[Site "Warsaw POL"]
[Date "2012.12.14"]
[Round "7.2"]
[White "Socko, Bartosz"]
[Black "Sargissian, Gabriel"]
[Result "1/2-1/2"]
[WhiteElo "2631"]
[BlackElo "2666"]
[EventDate "2012.12.14"]

1. d4 Nf6 2. c4 e6 3. Nc3 Bb4 4. e3 O-O 5. Ne2 d5 6. a3 Bd6 7. c5 Be7 8. b4 b6
9. Bb2 a5 10. Nf4 c6 11. Bd3 Nbd7 12. O-O Qc7 13. Nfe2 Ba6 14. f4 Rfb8 15. Rb1
axb4 16. axb4 Bxd3 17. Qxd3 bxc5 18. bxc5 Rb4 19. h3 Rab8 20. Ba3 Rxb1 21. Rxb1
Rxb1+ 22. Qxb1 Qa5 23. Qb3 Qa6 24. Bc1 h5 25. Qa4 Qxa4 26. Nxa4 Bd8 27. Bd2 Ne4
28. Bb4 f6 29. Nec3 Nxc3 30. Bxc3 Kf7 31. Kf2 g6 32. g4 hxg4 33. hxg4 Bc7 34.
Nb2 e5 35. Nd3 exd4 36. exd4 Nb8 37. Kf3 Ke6 38. Ne1 f5 39. g5 Nd7 40. Nc2 Nf8
41. Ke3 Kd7 42. Nb4 Ne6 43. Nd3 Ke8 44. Be1 Kd7 45. Bc3 Ke8 46. Be1 1/2-1/2

[Event "Amplico ch-EUR Blitz"]
[Site "Warsaw POL"]
[Date "2012.12.14"]
[Round "7.2"]
[White "Moranda, Wojciech"]
[Black "Nyzhnyk, Illya"]
[Result "1-0"]
[WhiteElo "2559"]
[BlackElo "2637"]
[EventDate "2012.12.14"]

1. d4 Nf6 2. c4 g6 3. Nc3 Bg7 4. e4 d6 5. f4 O-O 6. Nf3 Na6 7. Bd3 e5 8. fxe5
dxe5 9. d5 c6 10. O-O Nc5 11. Bc2 a5 12. Kh1 Bg4 13. Be3 Na6 14. Qd2 Bxf3 15.
Rxf3 Nd7 16. Raf1 Qe7 17. a3 Nac5 18. b4 axb4 19. axb4 Na6 20. dxc6 bxc6 21. b5
Nb4 22. Bb1 Nc5 23. bxc6 Nxc6 24. Nd5 Qa7 25. Nf6+ Bxf6 26. Rxf6 Nd4 27. Bh6
Rfe8 28. Qf2 Re7 29. Rd6 Nd7 30. c5 Qxc5 1-0